Effect of nutrient on the growth of wood ear using SAW dust substrate of royal university of agriculture,(ប្រសិទ្ធភាពនៃជីបំប៉នទៅលើការលូតលាស់របស់ផ្សិតត្រចៀកកណ្ដុរលើកំទេចអាចម៍រណា នៅសាកលវិទ្យាល័យភូមិន្ទកសិកម្ម) (Record no. 1061)
[ view plain ]
| 000 -LEADER | |
|---|---|
| fixed length control field | 00770nam a22001577a 4500 |
| 003 - CONTROL NUMBER IDENTIFIER | |
| control field | OSt |
| 005 - DATE AND TIME OF LATEST TRANSACTION | |
| control field | 20150922140505.0 |
| 008 - FIXED-LENGTH DATA ELEMENTS--GENERAL INFORMATION | |
| fixed length control field | 150922b xxu||||| |||| 00| 0 eng d |
| 040 ## - CATALOGING SOURCE | |
| Transcribing agency | RUA |
| 082 ## - DEWEY DECIMAL CLASSIFICATION NUMBER | |
| Classification number | AGR CHA 2007 B035 Or.1 |
| 100 ## - MAIN ENTRY--PERSONAL NAME | |
| 9 (RLIN) | 1109 |
| Personal name | CHAK SOKNA |
| 245 ## - TITLE STATEMENT | |
| Title | Effect of nutrient on the growth of wood ear using SAW dust substrate of royal university of agriculture,(ប្រសិទ្ធភាពនៃជីបំប៉នទៅលើការលូតលាស់របស់ផ្សិតត្រចៀកកណ្ដុរលើកំទេចអាចម៍រណា នៅសាកលវិទ្យាល័យភូមិន្ទកសិកម្ម) |
| 260 ## - PUBLICATION, DISTRIBUTION, ETC. (IMPRINT) | |
| Place of publication, distribution, etc. | phnom penh |
| Name of publisher, distributor, etc. | RUA |
| Date of publication, distribution, etc. | 2007 |
| 300 ## - PHYSICAL DESCRIPTION | |
| Extent | xviii,52p. |
| Dimensions | ill. |
| Size of unit | 29cm. |
| 942 ## - ADDED ENTRY ELEMENTS (KOHA) | |
| Source of classification or shelving scheme | |
| Koha item type | AGR |
| Price effective from | Date last seen | Permanent Location | Not for loan | Date acquired | Source of classification or shelving scheme | Koha item type | Lost status | Withdrawn status | Date last checked out | Total Checkouts | Shelving location | Damaged status | Barcode | Current Location | Full call number |
|---|---|---|---|---|---|---|---|---|---|---|---|---|---|---|---|
| 2015-09-22 | 2023-04-04 | Library Block B | 2015-09-22 | AGR | 2023-03-20 | 1 | B035 | RUA002873 | Library Block B | AGR CHA 2007 B035 Or.1 | |||||
| 2015-09-22 | 2015-09-22 | Library Block B | 2015-09-22 | AGR | B035 | RUA002328 | Library Block B | AGR CHA 2007 B035 Or.2 | |||||||
| 2018-12-21 | 2018-12-21 | Library Block B | 2018-12-21 | AGR | B1.194 | A41469 | Library Block B | AGR CHA 2007 B1.194 Or.1 | |||||||
| 2019-01-21 | 2019-01-21 | Library Block B | 2019-01-21 | AGR | B1.210 | A41396 | Library Block B | AGR CHA 2007 B1.210 Or.1 | |||||||
| 2019-01-21 | 2019-01-21 | Library Block B | 2019-01-21 | AGR | B1.210 | A40476 | Library Block B | AGR CHA 2007 B1.210 Or.3 |